Το παιδί κορίτσι
Αποθηκεύτηκε σε:
| Κύριος συγγραφέας: | |
|---|---|
| Άλλοι συγγραφείς: | |
| Μορφή: | Βιβλίο |
| Γλώσσα: | Greek French |
| Δημοσίευση: |
Αθήνα :
Οδυσσέας,
1979.
|
| Σειρά: | Παιδεία και κοινωνία (Οδυσσέας)
|
| Θέματα: | |
| Ετικέτες: |
Προσθήκη ετικέτας
Δεν υπάρχουν, Καταχωρήστε ετικέτα πρώτοι!
|
MARC
| LEADER | 00000cam a2200000 i 4500 | ||
|---|---|---|---|
| 001 | 1/20231 | ||
| 008 | 930928s1979 gr | ||| |||| ||gre|| | ||
| 035 | |a 1987 |b 1 |c Αγορά./Τσιάκαλος |l 10035984 | ||
| 040 | |a GR-MyUA |b gre |e AACR2 | ||
| 041 | 1 | |a gre |h fre | |
| 082 | 7 | |a 155.433092 |2 (22) | |
| 100 | 1 | |a Flamant-Paparatti, Danielle. | |
| 245 | 1 | 3 | |a Το παιδί κορίτσι / |c Ντ. & Ε. Φλάμαν-Παπαράτι. |
| 260 | |a Αθήνα : |b Οδυσσέας, |c 1979. | ||
| 300 | |a 226 σ. ; |c 21 εκ. | ||
| 490 | 1 | |a (Παιδεία και κοινωνία / Οδυσσέας) | |
| 500 | |a Τίτλος πρωτοτύπου: Emmanuelle ou l' enfance au féminin. | ||
| 650 | 0 | 0 | |a Child psychology. |
| 650 | 0 | 0 | |a Girls. |
| 650 | 0 | 0 | |a Diaries. |
| 700 | 1 | |a Flamant-Paparatti, Emmanuelle |d 1971- | |
| 830 | 0 | |a Παιδεία και κοινωνία (Οδυσσέας) | |
| 852 | |a INST |b RHODES |e 19930928 |h 155.433092 FLA |p 005400003697 |q 005400003697 |t BK |y 0 | ||
| 909 | |a Ρ |b 006240 | ||